Statistiken für Videospiel Trivia

Klicken Sie hier um das Quiz zu spielen!

Allgemein

  • Dieses Quiz wurde 649 mal gespielt
  • Das Durchschnittsergebnis liegt bei 8 aus 20

Antwortstatistiken

FrageAntwort% Korrekt
Welches Spiel sorgte dafür, dass 2016 ein Großteil der Gamer an der frischen Luft war?Pokemon Go
88%
In welchem jahr wurde die Playstation 1 in Europa released?1995
80%
Was ist das meistverkaufte Spiel aller Zeiten?Minecraft
78%
Was für ein Tier ist Tom Nook aus Animal Crossing?Waschbär
64%
Wo findet der Großteil der "Legend of Zelda" Videospiele statt?Hyrule
59%
Welcher Fußballspieler ist auf dem Cover von FIFA23?Kylian Mbappe
58%
Welcher Schauspieler ist das Gesicht von Cyberpunk 2077?Keanu Reeves
55%
Aus welchem Spiel kommt der Antagonist GLaDOS?Portal
55%
Wer ist in The Last of Us immun?Ellie
51%
Aus welchem Spiel stammt ursprünglich das "Press F to pay Respect" Meme?Call of Duty: Advanced Warfare
49%
In welchem Spiel ist Arthur Morgan der Protagonist?Red Dead Redemption
45%
Mit wem konnte man auf dem DS sein Gehirn trainieren?Dr. Kawashima
40%
Wie heißt der Waffenladen in GTA?Ammu-Nation
26%
Welchen Namen trägt das wissenschaftliche Projekt in Assassin's Creed?Animus
26%
Welches Spiel spielt in Arcadia Bay?Life is Strange
20%
Wie heißt die jüngere Schwester von Crash Bandicoot?Coco
12%
Wie sollte Minecraft ursprünglich heißen?Cave Game
10%
Welches Studio hat die Forza Motorsport Spielreihe entwickelt?Turn 10
4%
Welche ist die erste Spielkonsole jemals?Brown Box
2%
Wo findet die Story von Super Mario World statt?Dinosaurierland
2%

Verteilung der Resultate

Perzentil nach korrekt beantworteten Fragen

Anzahl Personen mit jedem Resultat

Ihre Resultats-Entwicklung

Sie haben dieses Quiz noch nicht gespielt